| 000 | 00517nam a22001577a 4500 | ||
|---|---|---|---|
| 008 | 150327b xxu||||| |||| 00| 0 eng d | ||
| 020 | _a95673048 | ||
| 082 |
_a760.983 _bP 293n |
||
| 100 |
_aPastor Mellado, Justo _92347 |
||
| 245 |
_aLa novela chilena del grabado _cPastor Mellado, Justo |
||
| 260 |
_aSantiago de Chile _bEditorial Economias de Guerra _c1995 |
||
| 300 |
_a190 p. _c17.5 cm |
||
| 440 |
_aColeccion Jovialidades _92348 |
||
| 650 |
_xGrabado _xArte _xHistoria _zChile _92349 |
||
| 700 |
_aJusto Pastor Mellado _9867 |
||
| 999 |
_c500 _d500 |
||